[Event "17. Europa ch Juvenil - Femenino s16"]
[Site "Sibenik CRO"]
[Date "2007.09.14"]
[Round "1.1"]
[White "Richard, Emma"]
[Black "Muzychuk, Mariya"]
[Result "0-1"]
[WhiteElo "1962"]
[BlackElo "2330"]
[PlyCount "114"]
[EventDate "2007.09.14"]
[EventType "swiss"]
[EventRounds "9"]
[EventCountry "CRO"]
[Source "lmi"]
[SourceDate "2007.09.14"]

1. e4 d5 2. exd5 Nf6 3. d4 Nxd5 4. Nf3 Bf5 5. Bc4 e6 6. O-O Be7 7. Re1 O-O 8.
c3 Nd7 9. Nbd2 N7b6 10. Bb3 c5 11. c4 Nf6 12. Nf1 Bg4 13. dxc5 Qxd1 14. Bxd1
Nxc4 15. b4 Nd5 16. Bg5 Bxg5 17. Nxg5 Bxd1 18. Raxd1 Nxb4 19. Re4 Nb2 20. Rd7
N2d3 21. Rxb7 Na6 22. Rc4 Ndxc5 23. Rb5 Rac8 24. Ne3 h6 25. Nf3 Nd3 26. Kf1
Rxc4 27. Nxc4 Rc8 28. Nfd2 Nac5 29. Nd6 Rd8 30. N2c4 Rd7 31. g3 Na4 32. Ra5 Nb6
33. Ke2 Nb4 34. Nxb6 axb6 35. Ra8+ Kh7 36. Nc4 Nd5 37. Ra3 Rc7 38. Ne5 f6 39.
Nf3 Rc2+ 40. Ke1 e5 41. h4 h5 42. Kf1 Rc3 43. Rb3 Kg6 44. Nd2 Rc2 45. Ne4 Rxa2
46. Rd3 Ra5 47. f3 Kf5 48. Nd6+ Ke6 49. Nc4 Rc5 50. Nd2 Rc3 51. Ke2 Rxd3 52.
Kxd3 b5 53. Ne4 Nb4+ 54. Kc3 Nc6 55. f4 exf4 56. gxf4 Kf5 57. Ng3+ Kg4 0-1

[Event "17. Europa ch Juvenil - Femenino s16"]
[Site "Sibenik CRO"]
[Date "2007.09.14"]
[Round "1.5"]
[White "Remy, Janina"]
[Black "Khazhomia, Salome"]
[Result "0-1"]
[WhiteElo "1927"]
[BlackElo "2175"]
[PlyCount "84"]
[EventDate "2007.09.14"]
[EventType "swiss"]
[EventRounds "9"]
[EventCountry "CRO"]
[Source "lmi"]
[SourceDate "2007.09.14"]

1. e4 e6 2. d4 d5 3. Nc3 Nf6 4. Bg5 Bb4 5. e5 h6 6. Bc1 Ne4 7. Qg4 g6 8. a3 Ba5
9. Nge2 c5 10. b4 Nxc3 11. Nxc3 cxb4 12. Nb5 b3+ 13. c3 Bc7 14. a4 a6 15. Nxc7+
Qxc7 16. Qf3 Bd7 17. Be2 Nc6 18. O-O O-O-O 19. Ba3 Be8 20. Rfb1 Na5 21. Bd6 Qc6
22. Qd3 Nc4 23. Rxb3 Nxd6 24. exd6 Qxd6 25. Qb1 Bc6 26. Rb6 Kd7 27. Qb2 Ke7 28.
Rd1 Qc7 29. a5 Kf6 30. c4 Kg7 31. c5 Rhe8 32. Bf3 e5 33. Re1 e4 34. Bd1 Rd7 35.
Qb4 Rde7 36. Ba4 e3 37. fxe3 Rxe3 38. Rf1 R8e7 39. Bxc6 bxc6 40. Rxa6 Qc8 41.
Rb6 Qg4 42. Rxc6 Re2 0-1

[Event "17. Europa ch Juvenil - Femenino s16"]
[Site "Sibenik CRO"]
[Date "2007.09.14"]
[Round "1.6"]
[White "Kulon, Klaudia"]
[Black "Batkovskyte, Dominyka"]
[Result "1/2-1/2"]
[WhiteElo "2170"]
[BlackElo "1924"]
[PlyCount "95"]
[EventDate "2007.09.14"]
[EventType "swiss"]
[EventRounds "9"]
[EventCountry "CRO"]
[Source "lmi"]
[SourceDate "2007.09.14"]

1. e4 e6 2. d4 d5 3. Nd2 Nf6 4. e5 Nfd7 5. c3 c5 6. Bd3 Nc6 7. Ndf3 cxd4 8.
cxd4 f6 9. exf6 Nxf6 10. Ne2 Bd6 11. O-O Qc7 12. g3 O-O 13. Bf4 Nh5 14. Bxd6
Qxd6 15. Nc3 g6 16. Re1 Bd7 17. Nb5 Qe7 18. Kg2 Rac8 19. Rc1 a6 20. Nc3 Qf6 21.
Qe2 Nxd4 22. Nxd4 Qxd4 23. Rcd1 Qf6 24. f4 Ng7 25. Qe5 Qxe5 26. Rxe5 Nf5 27.
Bb1 Rc7 28. Ne2 Nd6 29. Nd4 Re8 30. Rde1 Nc4 31. R5e2 Kf7 32. b3 Nd6 33. Nf3
Ne4 34. Bxe4 dxe4 35. Ng5+ Kg7 36. Kf2 e5 37. Rxe4 Rc2+ 38. R1e2 Rxe2+ 39. Kxe2
exf4 40. Rxe8 Bxe8 41. Ne6+ Kf6 42. Nxf4 Bc6 43. Ke3 Kf5 44. h3 h5 45. b4 b6
46. Ne2 Bd5 47. a3 g5 48. Nd4+ 1/2-1/2

[Event "17. Europa ch Juvenil - Femenino s16"]
[Site "Sibenik CRO"]
[Date "2007.09.14"]
[Round "1.7"]
[White "Manelidou, Maria"]
[Black "Shlakich, Anna"]
[Result "0-1"]
[WhiteElo "1920"]
[BlackElo "2169"]
[PlyCount "62"]
[EventDate "2007.09.14"]
[EventType "swiss"]
[EventRounds "9"]
[EventCountry "CRO"]
[Source "lmi"]
[SourceDate "2007.09.14"]

1. e4 c5 2. Nf3 e6 3. c4 Nc6 4. Nc3 Nf6 5. Be2 b6 6. O-O Bb7 7. d4 cxd4 8. Nxd4
Qb8 9. Be3 Nxd4 10. Qxd4 Bd6 11. f4 e5 12. Qd3 exf4 13. Bd4 Be5 14. Bxe5 Qxe5
15. Bf3 O-O 16. Rae1 Rfe8 17. Re2 Rac8 18. b3 g5 19. Nd5 Bxd5 20. exd5 Qd6 21.
Qf5 h6 22. h4 Rxe2 23. Bxe2 Re8 24. hxg5 Nh7 25. Bh5 Nxg5 26. Rxf4 Kg7 27. Bg4
Re5 28. Qxd7 Re1+ 29. Kf2 Qxf4+ 30. Kxe1 Ne4 31. Ke2 Qf2+ 0-1

[Event "17. Europa ch Juvenil - Femenino s16"]
[Site "Sibenik CRO"]
[Date "2007.09.14"]
[Round "1.8"]
[White "Ozturk, Kubra"]
[Black "Sikorska, Dorota"]
[Result "1-0"]
[WhiteElo "2167"]
[BlackElo "1915"]
[PlyCount "163"]
[EventDate "2007.09.14"]
[EventType "swiss"]
[EventRounds "9"]
[EventCountry "CRO"]
[Source "lmi"]
[SourceDate "2007.09.14"]

1. d4 Nf6 2. c4 g6 3. g3 Bg7 4. Bg2 d6 5. Nf3 O-O 6. O-O Nbd7 7. Nc3 c6 8. e4
e5 9. b3 Qb6 10. Re1 exd4 11. Nxd4 Rd8 12. Be3 Qc7 13. h3 Nf8 14. Qd2 Ne6 15.
Nc2 Ne8 16. Rad1 b6 17. f4 Bb7 18. g4 Rac8 19. g5 f6 20. h4 Qf7 21. Bh3 Rb8 22.
Nd4 Nxd4 23. Bxd4 Nc7 24. Be3 Bc8 25. Bg2 Bb7 26. Rf1 f5 27. e5 d5 28. cxd5
Nxd5 29. Nxd5 cxd5 30. Qf2 Rbc8 31. Rd2 Bf8 32. Rfd1 Rd7 33. Bd4 Qe6 34. Rc2
Rdc7 35. Rxc7 Rxc7 36. Qd2 Rd7 37. Rc1 Ba3 38. Rc2 a5 39. Bf1 Be7 40. Bb5 Rd8
41. Qe3 Rc8 42. Rxc8+ Qxc8 43. e6 Qc7 44. Bxb6 Qc2 45. Bd4 Qe4 46. Qxe4 dxe4
47. Kf2 Kf8 48. Ke2 Bd6 49. Ke3 Bd5 50. Bd7 Bb4 51. Bf6 Bc5+ 52. Ke2 Bb7 53.
Bb5 Bc8 54. Bc4 Bd6 55. Ke3 Bc5+ 56. Ke2 Bd6 57. Bd4 Ke7 58. Bf6+ Kf8 59. Ke3
Bc5+ 60. Bd4 Bb4 61. Be5 Bc5+ 62. Kd2 Bb4+ 63. Kc2 Ke7 64. Bf6+ Kf8 65. Bd8 Ke8
66. e7 Bxe7 67. Bxa5 Bc5 68. b4 Bd6 69. b5 Bxf4 70. Bd5 Bb8 71. Bb6 Kd7 72. a4
Kd6 73. Bc6 Bd7 74. Bxd7 Kxd7 75. Bd4 Kc8 76. a5 Bd6 77. a6 Kb8 78. b6 Ka8 79.
Kc3 f4 80. Kc4 e3 81. Kd5 e2 82. Kc6 1-0

[Event "17. Europa ch Juvenil - Femenino s16"]
[Site "Sibenik CRO"]
[Date "2007.09.14"]
[Round "1.9"]
[White "Hortensius, Lisa"]
[Black "Havlikova, Kristyna"]
[Result "0-1"]
[WhiteElo "1908"]
[BlackElo "2164"]
[PlyCount "62"]
[EventDate "2007.09.14"]
[EventType "swiss"]
[EventRounds "9"]
[EventCountry "CRO"]
[Source "lmi"]
[SourceDate "2007.09.14"]

1. e4 c5 2. Nf3 Nc6 3. d4 cxd4 4. Nxd4 g6 5. Nc3 Bg7 6. Be3 Nf6 7. Bc4 O-O 8.
Bb3 d6 9. f3 Nd7 10. Qd2 Nb6 11. Nde2 Na5 12. Qd3 Nxb3 13. axb3 Be6 14. Bd4 a6
15. g4 Nd7 16. Bxg7 Kxg7 17. Nd4 Qb6 18. O-O-O Qc5 19. f4 Bxg4 20. Rdg1 e5 21.
Nf5+ Bxf5 22. exf5 exf4 23. Nd5 Ne5 24. f6+ Kh8 25. Qe4 Rae8 26. Ne7 Qe3+ 27.
Qxe3 fxe3 28. Rg3 Nd7 29. Rf3 Nxf6 30. Rxe3 Ng4 31. Rc3 Rxe7 0-1

[Event "17. Europa ch Juvenil - Femenino s16"]
[Site "Sibenik CRO"]
[Date "2007.09.14"]
[Round "1.10"]
[White "Korchagina, Viktoria"]
[Black "Khanamiryan, Ani"]
[Result "1-0"]
[WhiteElo "2152"]
[BlackElo "1877"]
[PlyCount "75"]
[EventDate "2007.09.14"]
[EventType "swiss"]
[EventRounds "9"]
[EventCountry "CRO"]
[Source "lmi"]
[SourceDate "2007.09.14"]

1. e4 c6 2. d4 d5 3. Nc3 dxe4 4. Nxe4 Nd7 5. Ng5 Ngf6 6. Bd3 e6 7. N1f3 Bd6 8.
Qe2 h6 9. Ne4 Nxe4 10. Qxe4 Nf6 11. Qh4 Qc7 12. O-O b6 13. Re1 Bb7 14. Ne5
O-O-O 15. a4 g5 16. Qh3 c5 17. Be3 Nd5 18. a5 Nxe3 19. fxe3 Bxe5 20. dxe5 Qxe5
21. axb6 axb6 22. Ba6 f5 23. Qf3 Qd5 24. Qe2 Kc7 25. Bxb7 Qxb7 26. b4 Ra8 27.
bxc5 bxc5 28. Qc4 Qd5 29. Qc3 Rhd8 30. Qg7+ Kc6 31. Rab1 Rab8 32. Qxh6 Rxb1 33.
Rxb1 g4 34. Qg7 Rd7 35. Qf8 Rc7 36. Qe8+ Qd7 37. Qa8+ Rb7 38. Qa6+ 1-0

[Event "17. Europa ch Juvenil - Femenino s16"]
[Site "Sibenik CRO"]
[Date "2007.09.14"]
[Round "1.11"]
[White "Ilie, Maria-Ruxandra"]
[Black "Ni, Viktorija"]
[Result "0-1"]
[WhiteElo "1858"]
[BlackElo "2147"]
[PlyCount "106"]
[EventDate "2007.09.14"]
[EventType "swiss"]
[EventRounds "9"]
[EventCountry "CRO"]
[Source "lmi"]
[SourceDate "2007.09.14"]

1. d4 Nf6 2. c4 g6 3. Nc3 Bg7 4. e4 d6 5. Nf3 O-O 6. Be2 e5 7. O-O a5 8. dxe5
dxe5 9. Qxd8 Rxd8 10. Bg5 Re8 11. Nd5 Nxd5 12. cxd5 Bf8 13. Rac1 Bd6 14. Nd2 f5
15. f3 f4 16. Bh4 Bd7 17. Bf2 b5 18. Nb1 Na6 19. a3 Reb8 20. Rfd1 g5 21. Nd2 a4
22. Kf1 Kf7 23. Kg1 Kg6 24. g4 h5 25. h3 Rh8 26. Kg2 Kf6 27. Nb1 Ke7 28. Nc3
Rhb8 29. Na2 h4 30. Rc2 Kd8 31. Nc1 b4 32. axb4 Nxb4 33. Rcd2 Rb7 34. Bc4 Rab8
35. Re1 Bb5 36. Bxb5 Rxb5 37. Ree2 Kd7 38. Kf1 Ra8 39. Kg2 Rab8 40. Kf1 Bc5 41.
Bxc5 Rxc5 42. Nd3 Nxd3 43. Rxd3 Rc1+ 44. Kg2 Rb1 45. Rdd2 Rb3 46. Kf2 Ra1 47.
Kg2 Ra2 48. Rf2 Re3 49. Rc2 Re1 50. Rf1 Rxf1 51. Kxf1 a3 52. Rc4 axb2 53. Rb4
Ra1+ 0-1

[Event "17. Europa ch Juvenil - Femenino s16"]
[Site "Sibenik CRO"]
[Date "2007.09.14"]
[Round "1.12"]
[White "Warakomska, Anna"]
[Black "Motycakova, Monika"]
[Result "1-0"]
[WhiteElo "2133"]
[BlackElo "1852"]
[PlyCount "65"]
[EventDate "2007.09.14"]
[EventType "swiss"]
[EventRounds "9"]
[EventCountry "CRO"]
[Source "lmi"]
[SourceDate "2007.09.14"]

1. e4 e5 2. Nf3 Nc6 3. Bb5 a6 4. Bxc6 dxc6 5. O-O Bg4 6. h3 Bh5 7. g4 Bg6 8.
Nxe5 Qh4 9. Qf3 h5 10. Nxg6 fxg6 11. Kg2 Nf6 12. gxh5 Rxh5 13. d3 Bd6 14. Nc3
g5 15. Rh1 Be5 16. Be3 Bf4 17. Ne2 Bxe3 18. Qxe3 g4 19. hxg4 Qxg4+ 20. Ng3
O-O-O 21. Qf3 Rg5 22. Qxg4+ Nxg4 23. Rh5 Rxh5 24. Nxh5 g6 25. Nf4 Kd7 26. Rh1
g5 27. Rh7+ Kd6 28. Nh3 Rf8 29. Rg7 Ne5 30. Nxg5 c5 31. Kg3 Nc6 32. Rg6+ Kd7
33. Ne6 1-0

[Event "17. Europa ch Juvenil - Femenino s16"]
[Site "Sibenik CRO"]
[Date "2007.09.14"]
[Round "1.14"]
[White "Guadamuro Torrente, Anabel"]
[Black "Mijatovic, Andrea"]
[Result "1/2-1/2"]
[WhiteElo "2095"]
[BlackElo "1844"]
[PlyCount "113"]
[EventDate "2007.09.14"]
[EventType "swiss"]
[EventRounds "9"]
[EventCountry "CRO"]
[Source "lmi"]
[SourceDate "2007.09.14"]

1. e4 c5 2. Nf3 d6 3. d4 cxd4 4. Nxd4 Nf6 5. Nc3 a6 6. Be2 e5 7. Nb3 Be6 8. O-O
Be7 9. Re1 Nbd7 10. Bf1 O-O 11. Nd5 Bxd5 12. exd5 Rc8 13. c4 Nc5 14. Nxc5 Rxc5
15. Bd3 Qd7 16. b4 Rc7 17. a4 e4 18. Bf1 Qf5 19. f3 exf3 20. Qxf3 Qg4 21. Bf4
Rd8 22. c5 Qxf3 23. gxf3 Bf8 24. Rad1 Nh5 25. Bxd6 Bxd6 26. cxd6 Rcd7 27. Re7
Kf8 28. Rde1 Nf6 29. Bc4 Ng8 30. Rxd7 Rxd7 31. b5 Rxd6 32. bxa6 bxa6 33. Rb1
Nf6 34. Kf2 Ke7 35. Rd1 Rb6 36. Ke3 Kd6 37. a5 Rb4 38. Bxa6 Ra4 39. Bb7 Rxa5
40. Kd4 Ra2 41. h3 Ra4+ 42. Ke3 Rh4 43. Bc8 Nxd5+ 44. Kf2 Ke5 45. Kg3 Rb4 46.
Re1+ Kf6 47. Ba6 Ne7 48. Bd3 Nf5+ 49. Bxf5 Kxf5 50. Re7 Kf6 51. Ra7 g5 52. Ra6+
Kg7 53. Ra5 Kg6 54. Ra6+ f6 55. Ra2 h5 56. Rc2 Ra4 57. Rb2 1/2-1/2

[Event "17. Europa ch Juvenil - Femenino s16"]
[Site "Sibenik CRO"]
[Date "2007.09.14"]
[Round "1.15"]
[White "Arce Calva, Elvira"]
[Black "Tsirulnik, Maritsa"]
[Result "0-1"]
[WhiteElo "1841"]
[BlackElo "2095"]
[PlyCount "64"]
[EventDate "2007.09.14"]
[EventType "swiss"]
[EventRounds "9"]
[EventCountry "CRO"]
[Source "lmi"]
[SourceDate "2007.09.14"]

1. e4 c5 2. Nc3 e6 3. g3 Nc6 4. Bg2 g6 5. Nge2 Bg7 6. O-O Nge7 7. d3 O-O 8. f4
d6 9. Be3 Nd4 10. Qd2 Rb8 11. Rae1 b5 12. Nd1 b4 13. c3 bxc3 14. bxc3 Nxe2+ 15.
Qxe2 Qa5 16. Qd2 e5 17. fxe5 dxe5 18. Qf2 c4 19. d4 exd4 20. Bxd4 Bxd4 21. cxd4
Ba6 22. Qc2 Nc6 23. d5 Nb4 24. Qc3 Qb6+ 25. Kh1 Nxa2 26. Qc2 Qb3 27. Qe2 Nb4
28. Rf6 c3 29. Qf3 Nd3 30. Rf1 c2 31. Rxf7 Nf2+ 32. Kg1 Qxf3 0-1

[Event "17. Europa ch Juvenil - Femenino s16"]
[Site "Sibenik CRO"]
[Date "2007.09.14"]
[Round "1.16"]
[White "Grigorian, Marine"]
[Black "Grguric, Daria"]
[Result "1-0"]
[WhiteElo "2087"]
[BlackElo "1841"]
[PlyCount "83"]
[EventDate "2007.09.14"]
[EventType "swiss"]
[EventRounds "9"]
[EventCountry "CRO"]
[Source "lmi"]
[SourceDate "2007.09.14"]

1. e4 e6 2. d3 d5 3. Qe2 Nf6 4. Nf3 Be7 5. g3 c5 6. e5 Nfd7 7. c4 Nb6 8. Bg2
Nc6 9. b3 O-O 10. O-O f6 11. Bb2 fxe5 12. Nxe5 Bf6 13. Re1 Nxe5 14. Bxe5 Bxe5
15. Qxe5 Rf5 16. Qe2 Bd7 17. Bh3 Rf6 18. Nc3 Rh6 19. Bg4 a6 20. Rac1 Rc8 21.
Qe5 Rg6 22. h3 Rg5 23. Bxe6+ Kh8 24. Qf4 Bxe6 25. Rxe6 Rg6 26. Rce1 Rxe6 27.
Rxe6 dxc4 28. dxc4 h6 29. Kg2 Na8 30. Nd5 Nc7 31. Rd6 Qg5 32. Qxg5 hxg5 33.
Nxc7 Rxc7 34. Rd5 b5 35. Rxg5 Kh7 36. Rd5 Rc6 37. f4 bxc4 38. bxc4 a5 39. a4
Kg6 40. Kf3 Kf6 41. g4 g6 42. h4 1-0

[Event "17. Europa ch Juvenil - Femenino s16"]
[Site "Sibenik CRO"]
[Date "2007.09.14"]
[Round "1.19"]
[White "Thorsteinsdottir, Hallgerdur"]
[Black "Bragina, Anastasia"]
[Result "1/2-1/2"]
[WhiteElo "1808"]
[BlackElo "2059"]
[PlyCount "80"]
[EventDate "2007.09.14"]
[EventType "swiss"]
[EventRounds "9"]
[EventCountry "CRO"]
[Source "lmi"]
[SourceDate "2007.09.14"]

1. e4 c5 2. c3 e6 3. d4 d5 4. exd5 exd5 5. Be3 cxd4 6. Bxd4 Nc6 7. Qf3 Nxd4 8.
cxd4 Nf6 9. h3 Qb6 10. Qe2+ Be6 11. Qb5+ Qxb5 12. Bxb5+ Bd7 13. Bd3 Bb4+ 14.
Nc3 Ne4 15. Nge2 Nxc3 16. Nxc3 O-O 17. Kd2 a5 18. a3 Bxc3+ 19. bxc3 Rfe8 20.
Rab1 Bc6 21. Bb5 Rab8 22. Rb2 g6 23. Rhb1 Rbc8 24. Bxc6 bxc6 25. Rb6 Kg7 26.
Ra6 Re6 27. Re1 Rxe1 28. Kxe1 Rb8 29. Rxa5 Rb3 30. Kd2 Rb2+ 31. Ke3 Ra2 32. Ra6
Kf8 33. Rxc6 Rxa3 34. Rc5 Ke7 35. Rxd5 Rxc3+ 36. Kf4 Rc2 37. Kg3 Rd2 38. f3 Ke6
39. Rd8 Ke7 40. Rd5 Ke6 1/2-1/2

[Event "17. Europa ch Juvenil - Femenino s16"]
[Site "Sibenik CRO"]
[Date "2007.09.14"]
[Round "1.20"]
[White "Gvilava, Maya"]
[Black "Dincel, Melodi"]
[Result "1/2-1/2"]
[WhiteElo "2046"]
[BlackElo "1794"]
[PlyCount "56"]
[EventDate "2007.09.14"]
[EventType "swiss"]
[EventRounds "9"]
[EventCountry "CRO"]
[Source "lmi"]
[SourceDate "2007.09.14"]

1. e4 e6 2. d4 d5 3. Nd2 Nf6 4. e5 Nfd7 5. Bd3 c5 6. c3 Nc6 7. Ne2 cxd4 8. cxd4
f6 9. Nf4 Qe7 10. exf6 Nxf6 11. Nf3 Qc7 12. Qe2 Bb4+ 13. Kf1 O-O 14. Nxe6 Bxe6
15. Qxe6+ Qf7 16. Qxf7+ Rxf7 17. a3 Ba5 18. b4 Bb6 19. Bb2 Re7 20. Rd1 Ne4 21.
b5 Na5 22. Bxe4 Rxe4 23. Ne5 Nc4 24. Nxc4 dxc4 25. f3 Re3 26. Bc1 Rb3 27. a4
Rd8 28. d5 Rd3 1/2-1/2

[Event "17. Europa ch Juvenil - Femenino s16"]
[Site "Sibenik CRO"]
[Date "2007.09.15"]
[Round "2.1"]
[White "Muzychuk, Mariya"]
[Black "Clopes Llahi, Judit"]
[Result "1-0"]
[WhiteElo "2330"]
[BlackElo "2020"]
[PlyCount "85"]
[EventDate "2007.09.14"]
[EventType "swiss"]
[EventRounds "9"]
[EventCountry "CRO"]
[Source "lmi"]
[SourceDate "2007.09.14"]

1. e4 c6 2. d4 d5 3. Nc3 dxe4 4. Nxe4 Nd7 5. Nf3 Ngf6 6. Nxf6+ Nxf6 7. Bg5 Bf5
8. Bd3 Bxd3 9. Qxd3 e6 10. O-O-O Qc7 11. Ne5 Bd6 12. Bxf6 gxf6 13. Ng4 f5 14.
Nf6+ Ke7 15. Nh5 Rag8 16. Qh3 Kd8 17. f3 Rg6 18. g4 fxg4 19. fxg4 Qe7 20. Kb1
Rhg8 21. Qf3 Rf8 22. Qe2 f5 23. gxf5 Rxf5 24. Rhf1 Rgg5 25. Ng3 Bxg3 26. hxg3
Rxg3 27. Rxf5 exf5 28. Qd2 Qe4 29. d5 cxd5 30. Qa5+ Kd7 31. Rxd5+ Ke6 32. Rd1
Re3 33. Qd2 Qe5 34. Qd7+ Kf6 35. Qxh7 f4 36. a3 f3 37. Rd7 Re1+ 38. Ka2 Qe6+
39. b3 Rf1 40. Qg7+ Kf5 41. Rd4 Qe1 42. Qg4+ Kf6 43. Rd6+ 1-0

[Event "17. Europa ch Juvenil - Femenino s16"]
[Site "Sibenik CRO"]
[Date "2007.09.15"]
[Round "2.2"]
[White "Homiakova, Elena"]
[Black "Mammadova, Gulnar"]
[Result "1-0"]
[WhiteElo "2012"]
[BlackElo "2217"]
[PlyCount "113"]
[EventDate "2007.09.14"]
[EventType "swiss"]
[EventRounds "9"]
[EventCountry "CRO"]
[Source "lmi"]
[SourceDate "2007.09.14"]

1. e4 e6 2. d4 d5 3. Nc3 dxe4 4. Nxe4 Nd7 5. Nf3 Ngf6 6. Bd3 Be7 7. O-O O-O 8.
Qe2 b6 9. Ne5 Bb7 10. Rd1 Qc8 11. Bg5 Qd8 12. Nxd7 Nxd7 13. Qh5 f5 14. Bxe7
Qxe7 15. Ng5 h6 16. Nh3 Qd6 17. c3 Nf6 18. Qh4 Qc6 19. Bf1 Rae8 20. Re1 Nd7 21.
Qg3 Kh7 22. Rad1 b5 23. Nf4 e5 24. d5 Qf6 25. Ne6 Rxe6 26. dxe6 Qxe6 27. Bxb5
c6 28. Ba4 Rf6 29. Bb3 Qe8 30. Qd3 Bc8 31. Re3 e4 32. Qd4 c5 33. Qd5 Nb6 34.
Qd8 Qxd8 35. Rxd8 c4 36. Bc2 Bd7 37. f3 Rd6 38. Kf1 Rd2 39. Re2 Rxe2 40. Kxe2
exf3+ 41. gxf3 Kg6 42. Ke3 Kf6 43. Kd4 Be6 44. a4 g5 45. Rf8+ Kg7 46. Rb8 Kf6
47. Rb7 Nd7 48. Rxa7 Ne5 49. Ke3 f4+ 50. Kf2 g4 51. fxg4 Bxg4 52. Ra6+ Kg5 53.
a5 Bh5 54. Be4 Ng4+ 55. Kg1 Ne5 56. Ra8 f3 57. Rf8 1-0

[Event "17. Europa ch Juvenil - Femenino s16"]
[Site "Sibenik CRO"]
[Date "2007.09.15"]
[Round "2.3"]
[White "Repina, Varvara"]
[Black "Paulauskaite, Gintare"]
[Result "0-1"]
[WhiteElo "2196"]
[BlackElo "2015"]
[PlyCount "104"]
[EventDate "2007.09.14"]
[EventType "swiss"]
[EventRounds "9"]
[EventCountry "CRO"]
[Source "lmi"]
[SourceDate "2007.09.14"]

1. e4 e6 2. d4 d5 3. Nc3 Nf6 4. Bg5 Be7 5. e5 Nfd7 6. h4 Bxg5 7. hxg5 Qxg5 8.
Nh3 Qe7 9. Qg4 g6 10. O-O-O a6 11. f4 Nc6 12. Ng5 h6 13. Rh4 Nb6 14. Qh3 Qf8
15. Be2 Bd7 16. Nf3 h5 17. g4 hxg4 18. Qxg4 O-O-O 19. Rdh1 Rxh4 20. Qxh4 Be8
21. Nd1 Ne7 22. Qf6 Nd7 23. Qh8 Qxh8 24. Rxh8 Nf5 25. c3 c5 26. Kd2 cxd4 27.
cxd4 Nb6 28. Rh7 Kd7 29. Bd3 Nc4+ 30. Ke1 Rc8 31. Bxf5 gxf5 32. Ng5 Ke7 33. Ke2
b5 34. Kd3 b4 35. b3 Na3 36. Ne3 Rc1 37. Nxd5+ exd5 38. e6 Rd1+ 39. Ke2 Rxd4
40. exf7 Rxf4 41. fxe8=Q+ Kxe8 42. Ke3 Rg4 43. Nf7 Nb5 44. Kf3 Re4 45. Nh6 Nd4+
46. Kg3 f4+ 47. Kh3 Re1 48. Kg4 f3 49. Kg3 Rh1 50. Rh8+ Kd7 51. Rh7+ Kc6 52.
Kf2 Nf5 0-1

[Event "17. Europa ch Juvenil - Femenino s16"]
[Site "Sibenik CRO"]
[Date "2007.09.15"]
[Round "2.4"]
[White "Khazhomia, Salome"]
[Black "Parmar, Amisha"]
[Result "1-0"]
[WhiteElo "2175"]
[BlackElo "2011"]
[PlyCount "95"]
[EventDate "2007.09.14"]
[EventType "swiss"]
[EventRounds "9"]
[EventCountry "CRO"]
[Source "lmi"]
[SourceDate "2007.09.14"]

1. d4 Nf6 2. c4 g6 3. Nc3 Bg7 4. e4 d6 5. Nf3 O-O 6. h3 e5 7. d5 a5 8. Be2 Na6
9. Bg5 h6 10. Be3 Ne8 11. Nd2 f5 12. Nb3 f4 13. Bd2 b6 14. Nc1 Nc5 15. Nd3 g5
16. Nxc5 dxc5 17. Bg4 Nd6 18. Bxc8 Qxc8 19. Qe2 Rf6 20. O-O-O Qd7 21. Rdg1 Raf8
22. f3 Rg6 23. g3 Qf7 24. g4 Bf6 25. Be1 Qe7 26. h4 Rf7 27. hxg5 Bxg5 28. Rh5
Rh7 29. Rgh1 Kf8 30. b3 Ke8 31. Bh4 Nf7 32. Nb5 Bxh4 33. R1xh4 Ng5 34. Qd3 Kd7
35. Na7 Qf6 36. Nc6 Kc8 37. Rh1 Rh8 38. Qc3 Re8 39. Kb2 Kd7 40. a3 Kd6 41. b4
axb4 42. axb4 Ra8 43. Kb3 Ra6 44. Rxh6 Nf7 45. Rxg6 Qxg6 46. Rh5 Qf6 47. Rf5
Qg7 48. Rxf7 1-0

[Event "17. Europa ch Juvenil - Femenino s16"]
[Site "Sibenik CRO"]
[Date "2007.09.15"]
[Round "2.5"]
[White "Shlakich, Anna"]
[Black "Iordanidou, Zoi"]
[Result "1-0"]
[WhiteElo "2169"]
[BlackElo "2005"]
[PlyCount "137"]
[EventDate "2007.09.14"]
[EventType "swiss"]
[EventRounds "9"]
[EventCountry "CRO"]
[Source "lmi"]
[SourceDate "2007.09.14"]

1. Nf3 Nf6 2. c4 e6 3. Nc3 d5 4. d4 Bb4 5. Bg5 O-O 6. e3 b6 7. a3 Be7 8. cxd5
exd5 9. Bd3 Bb7 10. O-O Nbd7 11. Rc1 Ne4 12. Bf4 Nxc3 13. Rxc3 c5 14. dxc5 bxc5
15. Rc1 c4 16. Bb1 Nc5 17. Nd4 Bd6 18. Qh5 g6 19. Qh6 Bxf4 20. Qxf4 Ne6 21. Qe5
Nxd4 22. Qxd4 Qb6 23. Qc3 Rab8 24. h4 Ba6 25. Rc2 Qe6 26. Rd1 Rb3 27. Qd4 Rfb8
28. h5 gxh5 29. Qf4 Qg4 30. Qxg4+ hxg4 31. Rc3 Rxb2 32. Bf5 R2b3 33. Rcc1 Rxa3
34. Rxd5 h5 35. Be4 Rb5 36. Rd8+ Kg7 37. Rxc4 Ra1+ 38. Kh2 Rb2 39. Rc5 Rxf2 40.
Rxh5 Be2 41. Kg3 Rff1 42. Rf5 Rxf5 43. Bxf5 a5 44. Rd2 Bd1 45. Bxg4 Bxg4 46.
Kxg4 a4 47. Rd7 a3 48. Ra7 Kf6 49. Kf4 Ke6 50. Ke4 Kd6 51. Rxf7 Kc5 52. Ra7 Kb4
53. Rb7+ Kc3 54. Ra7 Kb2 55. g4 Rg1 56. Rb7+ Ka2 57. Kf5 Rb1 58. Ra7 Rb5+ 59.
Kf6 Rb6+ 60. Kf7 Kb2 61. g5 a2 62. g6 a1=Q 63. Rxa1 Kxa1 64. g7 Rb7+ 65. Kg6
Rb8 66. e4 Kb2 67. e5 Kc3 68. e6 Kd4 69. e7 1-0

[Event "17. Europa ch Juvenil - Femenino s16"]
[Site "Sibenik CRO"]
[Date "2007.09.15"]
[Round "2.6"]
[White "Vetrila, Sanda"]
[Black "Ozturk, Kubra"]
[Result "0-1"]
[WhiteElo "1999"]
[BlackElo "2167"]
[PlyCount "108"]
[EventDate "2007.09.14"]
[EventType "swiss"]
[EventRounds "9"]
[EventCountry "CRO"]
[Source "lmi"]
[SourceDate "2007.09.14"]

1. e4 e5 2. Nf3 Nc6 3. Bc4 Nf6 4. d3 Be7 5. Nbd2 O-O 6. Bb3 d6 7. c3 Bg4 8. h3
Be6 9. Nc4 Qd7 10. O-O Kh8 11. Ng5 d5 12. Ne3 d4 13. Nxe6 fxe6 14. Ng4 Rad8 15.
Nxf6 Rxf6 16. Bg5 Rg6 17. Bxe7 Qxe7 18. Qd2 Qh4 19. Kh1 Rf8 20. Qe2 Ne7 21.
cxd4 exd4 22. Rac1 c6 23. Rc5 Rgf6 24. Rh5 Qf4 25. Kg1 Ng6 26. e5 Rf5 27. Bxe6
Rxe5 28. Rxe5 Nxe5 29. Qe4 Qxe4 30. dxe4 Rf6 31. Bb3 g5 32. Rd1 c5 33. Bd5 b6
34. Kf1 Kg7 35. b3 Kf8 36. Ke2 Ke7 37. f3 Kd6 38. a4 Ng6 39. Kf2 Ke5 40. Bc4
Ne7 41. Ke2 Nc6 42. Rd2 Nb4 43. Kf2 Rf8 44. Kg3 h6 45. Kg4 d3 46. Kg3 Kd4 47.
Kf2 Kc3 48. Rd1 Kc2 49. Ke1 Rd8 50. Rd2+ Kc3 51. g3 Nc2+ 52. Kd1 Ne3+ 53. Ke1
Nxc4 54. bxc4 Kxc4 0-1

[Event "17. Europa ch Juvenil - Femenino s16"]
[Site "Sibenik CRO"]
[Date "2007.09.15"]
[Round "2.7"]
[White "Havlikova, Kristyna"]
[Black "Savola, Laura"]
[Result "1-0"]
[WhiteElo "2164"]
[BlackElo "2002"]
[PlyCount "57"]
[EventDate "2007.09.14"]
[EventType "swiss"]
[EventRounds "9"]
[EventCountry "CRO"]
[Source "lmi"]
[SourceDate "2007.09.14"]

1. e4 e6 2. d3 d5 3. Nd2 Nf6 4. Ngf3 c5 5. g3 Nc6 6. Bg2 Be7 7. O-O O-O 8. Re1
Qc7 9. e5 Nd7 10. Qe2 b5 11. Nf1 Ba6 12. Bf4 Rac8 13. h4 c4 14. d4 c3 15. b3
Qb6 16. Qe3 Ba3 17. N1h2 Nb4 18. Re2 Bb2 19. Rd1 Nxa2 20. Ng4 Nb4 21. Nf6+ gxf6
22. exf6 Kh8 23. Bh6 Rg8 24. Ng5 Rcf8 25. Bxf8 Rxf8 26. Qf3 Qd8 27. Nxh7 Re8
28. Qh5 Kg8 29. Qg5+ 1-0